Normal view
MARC view
- TELECOMMUNICATION SYSTEMS, COMPUTER NETWORKS
Entry Topical Term
001 - CONTROL NUMBER
- control field: 67769
003 - CONTROL NUMBER IDENTIFIER
- control field: NUST
005 - DATE AND TIME OF LATEST TRANSACTION
- control field: 20210628203910.0
008 - FIXED-LENGTH DATA ELEMENTS
- fixed length control field: 210628|| aca||aabn | a|a d
040 ## - CATALOGING SOURCE
- Original cataloging agency: NUST
- Transcribing agency: NUST
150 ## - HEADING--TOPICAL TERM
- Topical term or geographic name entry element: TELECOMMUNICATION SYSTEMS, COMPUTER NETWORKS
670 ## - SOURCE DATA FOUND
- Source citation: Work cat.: (NUST): Leon-Garcia, Alberto:Widjaja, Indra 60770, Communicaiton networks;fundamental concepts and key architectures, 2004
